|
|
|
|
| LEADER |
00000cam a22000004a 4500 |
| 001 |
musev2_69972 |
| 003 |
MdBmJHUP |
| 005 |
20230905051224.0 |
| 006 |
m o d |
| 007 |
cr||||||||nn|n |
| 008 |
161017t20172017ncu o 00 0 eng d |
| 010 |
|
|
|z 2016047429
|
| 020 |
|
|
|a 9780822373193
|
| 020 |
|
|
|z 9780822363477
|
| 020 |
|
|
|z 9780822363361
|
| 035 |
|
|
|a (OCoLC)1002900011
|
| 040 |
|
|
|a MdBmJHUP
|c MdBmJHUP
|
| 100 |
1 |
|
|a Wilson, Julie A.,
|d 1975-
|e author.
|
| 245 |
1 |
0 |
|a Mothering through Precarity :
|b Women's Work and Digital Media /
|c Julie A. Wilson and Emily Chivers Yochim.
|
| 264 |
|
1 |
|a Durham :
|b Duke University Press,
|c 2017.
|
| 264 |
|
3 |
|a Baltimore, Md. :
|b Project MUSE,
|c 2020
|
| 264 |
|
4 |
|c ©2017.
|
| 300 |
|
|
|a 1 online resource (228 pages).
|
| 336 |
|
|
|a text
|b txt
|2 rdacontent
|
| 337 |
|
|
|a computer
|b c
|2 rdamedia
|
| 338 |
|
|
|a online resource
|b cr
|2 rdacarrier
|
| 505 |
0 |
|
|a Mother loads : why "good" mothers are anxious -- Mamapreneurialism : family appreciation in the digital mundane -- Digital entanglements : staying happy in the mamasphere -- Individualized solidarities : privatizing happiness together -- Conclusion: Socializing happiness (or, why we wrote an unhappy book).
|
| 520 |
|
|
|a Julie A. Wilson and Emily Chivers Yochim explore how working- and middle-class mothers of young children negotiate difficulties of holding a family together during difficulties such as job loss, health scares, and weakening social services through their everyday engagement with digital media.
|
| 588 |
|
|
|a Description based on print version record.
|
| 650 |
|
7 |
|a Mothers
|x Social conditions.
|2 fast
|0 (OCoLC)fst01026987
|
| 650 |
|
7 |
|a Motherhood
|x Economic aspects.
|2 fast
|0 (OCoLC)fst01026911
|
| 650 |
|
7 |
|a Digital media
|x Social aspects.
|2 fast
|0 (OCoLC)fst01766776
|
| 650 |
|
7 |
|a SOCIAL SCIENCE
|x Media Studies.
|2 bisacsh
|
| 650 |
|
7 |
|a SOCIAL SCIENCE
|x Popular Culture.
|2 bisacsh
|
| 650 |
|
7 |
|a SOCIAL SCIENCE
|x Anthropology
|x Cultural.
|2 bisacsh
|
| 650 |
|
7 |
|a POLITICAL SCIENCE
|x Public Policy
|x Cultural Policy.
|2 bisacsh
|
| 650 |
|
6 |
|a Medias numeriques
|x Aspect social.
|
| 650 |
|
6 |
|a Familles
|x Aspect politique
|z États-Unis.
|
| 650 |
|
6 |
|a Meres
|z États-Unis
|x Conditions sociales.
|
| 650 |
|
6 |
|a Maternite
|x Aspect economique
|z États-Unis.
|
| 650 |
|
0 |
|a Digital media
|x Social aspects.
|
| 650 |
|
0 |
|a Nuclear families
|x Political aspects
|z United States.
|
| 650 |
|
0 |
|a Mothers
|z United States
|x Social conditions.
|
| 650 |
|
0 |
|a Motherhood
|x Economic aspects
|z United States.
|
| 651 |
|
7 |
|a United States.
|2 fast
|0 (OCoLC)fst01204155
|
| 655 |
|
7 |
|a Electronic books.
|2 local
|
| 700 |
1 |
|
|a Yochim, Emily Chivers,
|e author.
|
| 710 |
2 |
|
|a Project Muse.
|e distributor
|
| 830 |
|
0 |
|a Book collections on Project MUSE.
|
| 856 |
4 |
0 |
|z Texto completo
|u https://projectmuse.uam.elogim.com/book/69972/
|
| 945 |
|
|
|a Project MUSE - Custom Collection
|